00859nam a22002417a 45000010005000000030006000050050017000110080041000280200018000690400029000870500016001160820011001321000029001432450109001722600038002813000034003195050007003535200146003605210027005065210018005336500030005516500036005819451FISKH20260109104532.0260109b cb ||||| |||| 00| 0 eng d a9780064408271 aFISKHbengcFISKHdFISKH aPZ7.S6277 A a813.54 aSkinner, Daphne eAuthor aThe adventures of Stuart little /cBased on the screenplay by Gregory J. Brooker and M. Night Shyamalan  aNew York :bHarper Trophy ,c1999 a64 pages :bpictures ;c20 cm aJ  aAdopted by a human family, a mouse finally wins over his new brother, but the family's cat and his friends want to get rid of Stuart forever.8 a500 bLexile estimate 8 aJ bRaz-Plus  aAnimal storiesvAdventure aAnimals fantasyvA human family